|
|
|
|
| LEADER |
00623nam a22001457a 4500 |
| 020 |
|
|
|a 8171797830
|
| 082 |
|
|
|2 3 rd ed.
|a 616.9041 BHA/E
|
| 100 |
|
|
|a Bhatia, Rajesh
|
| 245 |
|
|
|a Essentials of Medical Microbiology
|c Bhatia, Rajesh & Ichhpujani, Lal Rattan
|
| 260 |
|
|
|a New Delhi
|b Jaypee Brothers Medical Publishers (P) Ltd
|c 2004
|
| 300 |
|
|
|a xiii, 506p.
|
| 700 |
|
|
|a Bhatia, Rajesh & Ichhpujani, Lal Rattan
|
| 942 |
|
|
|2 ddc
|c BK
|e 3 rd
|k 616.9041
|
| 999 |
|
|
|c 280451
|d 280451
|
| 952 |
|
|
|0 0
|1 0
|4 0
|6 616_904100000000000_BHA_E
|7 0
|9 317352
|a SHS
|b SHS
|c ST1
|d 2011-01-07
|g 425.00
|i 2750
|l 6
|m 2
|o 616.9041 BHA/E
|p SHS2750
|r 2019-08-30
|s 2018-11-22
|w 2017-12-11
|y BK
|